| 000 | 00454nam a2200157 a 4500 | ||
|---|---|---|---|
| 001 | 000043439 | ||
| 005 | 20201002040920.0 | ||
| 008 | 140318s1994 sp 000 0 spa d | ||
| 020 | _a8460518930 | ||
| 040 |
_aDO-SdBNP _bspa _cBNPHU |
||
| 082 |
_axxx _bxxx |
||
| 245 | 0 | 0 |
_aLa condición humana : _bdiez relatos y un poema / _cAntonio Gala ... [et al.]. |
| 260 |
_aBarcelona : _bFNAC, _c1994. |
||
| 300 |
_a137 p. ; _c22 cm. |
||
| 700 | 1 | 2 |
_aGala, Antonio _971117 |
| 999 |
_c42928 _d42928 |
||